[Event "AZE-ch Final 78th"]
[Site "Baku"]
[Date "2024.04.23"]
[Round "1.4"]
[White "Muradli, Mahammad"]
[Black "Rasulov, Vugar Ural Oglu"]
[Result "0-1"]
[WhiteElo "2555"]
[BlackElo "2551"]
[PlyCount "50"]
[EventDate "2024.04.21"]
[EventType "k.o."]
[EventRounds "2"]
[EventCountry "AZE"]
[SourceTitle "CB18_2024"]
[SourceDate "2024.05.01"]
[SourceVersion "1"]
[SourceVersionDate "2024.05.01"]
[SourceQuality "2"]

1. d4 Nf6 2. c4 e6 3. Nf3 b6 4. g3 Ba6 5. b3 Bb4+ 6. Bd2 Be7 7. Nc3 d5 8. cxd5 exd5 9. Bg2 0-0 10. 0-0 Re8 11. Ne5 Bb7 12. Rc1 a6 13. Rc2 Bd6 14. Bg5 Be7 15. Bc1 Nbd7 16. Bb2 Bd6 17. f4 c5 18. e3 Rc8 19. a3 Rc7 20. dxc5 Bxc5 21. Nxd5 Nxd5 22. Nxf7 Nxe3 23. Rxc5 Nxd1 24. Nxd8 Nxc5 25. Be5 Bxg2 0-1

[Event "AZE-ch Prelim 78th"]
[Site "Baku"]
[Date "2024.04.19"]
[Round "9"]
[White "Muradli, Mahammad"]
[Black "Gadimbayli, Abdulla Azar"]
[Result "1/2-1/2"]
[WhiteElo "2555"]
[BlackElo "2489"]
[PlyCount "97"]
[EventDate "2024.04.11"]
[EventType "swiss"]
[EventRounds "9"]
[EventCountry "AZE"]
[SourceTitle "CB17_2024"]
[SourceDate "2024.04.24"]
[SourceVersion "1"]
[SourceVersionDate "2024.04.24"]
[SourceQuality "1"]

1. Nf3 Nf6 2. c4 e6 3. g3 d5 4. d4 Be7 5. Bg2 0-0 6. Nc3 Nc6 7. Ne5 Nxe5 8. dxe5 Nd7 9. cxd5 Nxe5 10. 0-0 exd5 11. Nxd5 Bd6 12. h3 c6 13. Nc3 Be6 14. b3 Qe7 15. Qc2 Nd7 16. Re1 Rad8 17. e4 Bc5 18. Bb2 Qg5 19. Ne2 Bb6 20. Rad1 Qc5 21. Qxc5 Nxc5 22. Bd4 Rd7 23. Bxc5 Rxd1 24. Rxd1 Bxc5 25. Nf4 g5 26. Nxe6 fxe6 27. Rd2 e5 28. Bf1 Rf6 29. Kg2 Kf8 30. Bc4 Bd4 31. Rc2 b5 32. Bd3 Ke7 33. Bf1 Kd6 34. Bd3 Rf8 35. Bf1 a6 36. a4 Rb8 37. Be2 c5 38. axb5 axb5 39. Ra2 Kc6 40. Ra6+ Rb6 41. Ra7 c4 42. bxc4 b4 43. Ra5 b3 44. Rb5 Rxb5 45. cxb5+ Kc5 46. b6 Kxb6 47. Bc4 b2 48. Bd3 Kc5 49. Kf1 1/2-1/2

[Event "AZE-ch Prelim 78th"]
[Site "Baku"]
[Date "2024.04.16"]
[Round "6"]
[White "Muradli, Mahammad"]
[Black "Samadov, Read"]
[Result "1-0"]
[WhiteElo "2555"]
[BlackElo "2502"]
[PlyCount "79"]
[EventDate "2024.04.11"]
[EventType "swiss"]
[EventRounds "9"]
[EventCountry "AZE"]
[SourceTitle "CB17_2024"]
[SourceDate "2024.04.24"]
[SourceVersion "1"]
[SourceVersionDate "2024.04.24"]
[SourceQuality "1"]

1. d4 Nf6 2. c4 g6 3. Nc3 Bg7 4. e4 d6 5. Be2 0-0 6. Nf3 e5 7. Be3 exd4 8. Nxd4 Re8 9. f3 c6 10. Bf2 d5 11. exd5 cxd5 12. 0-0 Nc6 13. c5 Bd7 14. Re1 Nxd4 15. Bxd4 a5 16. Qd2 Bc6 17. Nb5 Qd7 18. a4 Nh5 19. Bf2 Be5 20. Bf1 Ng7 21. Rad1 Nf5 22. b3 Bg7 23. Rxe8+ Rxe8 24. Bd3 Bf8 25. Bxf5 Qxf5 26. Nd4 Qf6 27. Qxa5 h5 28. Qc3 h4 29. h3 Bd7 30. Nb5 Qg5 31. Qd2 Qxd2 32. Rxd2 Rc8 33. b4 Bg7 34. Bxh4 d4 35. Nd6 Ra8 36. a5 Bh6 37. Rd3 Bf4 38. Bf6 b6 39. cxb6 Bxd6 40. Rxd4 1-0

[Event "AZE-ch Prelim 78th"]
[Site "Baku"]
[Date "2024.04.13"]
[Round "3"]
[White "Manafov, Vugar Gulam"]
[Black "Muradli, Mahammad"]
[Result "0-1"]
[WhiteElo "2424"]
[BlackElo "2555"]
[PlyCount "78"]
[EventDate "2024.04.11"]
[EventType "swiss"]
[EventRounds "9"]
[EventCountry "AZE"]
[SourceTitle "CB17_2024"]
[SourceDate "2024.04.24"]
[SourceVersion "1"]
[SourceVersionDate "2024.04.24"]
[SourceQuality "1"]

1. d4 d5 2. c4 e6 3. Nc3 Nf6 4. Nf3 c5 5. cxd5 Nxd5 6. e4 Nxc3 7. bxc3 cxd4 8. cxd4 Bb4+ 9. Bd2 Bxd2+ 10. Qxd2 0-0 11. Rd1 Bd7 12. Be2 Ba4 13. Rb1 Bc6 14. Bd3 h6 15. 0-0 Nd7 16. Rfe1 Rc8 17. Rb3 Re8 18. Bb1 b6 19. Ra3 Qc7 20. Nh4 Qd8 21. Nf3 a5 22. Bd3 Nf6 23. Rc3 Re7 24. Rec1 Bb7 25. Rxc8 Bxc8 26. Rb1 Bd7 27. Ne5 Be8 28. Qe3 Rb7 29. g4 b5 30. h4 Nd7 31. Nf3 b4 32. g5 hxg5 33. hxg5 Rc7 34. Kg2 Rc3 35. Rh1 e5 36. g6 Qf6 37. gxf7+ Bxf7 38. Ng5 Rxd3 39. Qxd3 Qxg5+ 0-1

[Event "Menorca op 3rd"]
[Site "Ciutadella de Menorca"]
[Date "2024.04.05"]
[Round "6"]
[White "Alexakis, Dimitris"]
[Black "Muradli, Mahammad"]
[Result "1-0"]
[WhiteElo "2443"]
[BlackElo "2555"]
[PlyCount "53"]
[EventDate "2024.04.02"]
[EventType "swiss"]
[EventRounds "9"]
[EventCountry "ESP"]
[SourceTitle "CB15_2024"]
[SourceDate "2024.04.10"]
[SourceVersion "1"]
[SourceVersionDate "2024.04.10"]
[SourceQuality "1"]

1. e4 c5 2. Nf3 d6 3. d4 cxd4 4. Nxd4 Nf6 5. Bd3 g6 6. 0-0 Bg7 7. c4 Nc6 8. Ne2 0-0 9. Nbc3 a6 10. f3 Rb8 11. Be3 Nd7 12. Rc1 Nc5 13. b3 Ne5 14. Bb1 b5 15. cxb5 axb5 16. Nd5 b4 17. Qd2 Ba6 18. Rfd1 Qd7 19. Nd4 Qb7 20. f4 Ng4 21. Nc6 e6 22. Nde7+ Kh8 23. e5 Nxe3 24. Qxe3 Rbe8 25. Rxd6 Nd7 26. Na5 Qb5 27. Nec6 1-0

[Event "Karlsruhe Grenke op"]
[Site "Karlsruhe"]
[Date "2024.03.31"]
[Round "6"]
[White "Weishaeutel, Moritz"]
[Black "Muradli, Mahammad"]
[Result "1-0"]
[WhiteElo "2378"]
[BlackElo "2555"]
[PlyCount "109"]
[EventDate "2024.03.28"]
[EventType "swiss"]
[EventRounds "9"]
[EventCountry "GER"]
[SourceTitle "CB14_2024"]
[SourceDate "2024.04.01"]
[SourceVersion "1"]
[SourceVersionDate "2024.04.01"]
[SourceQuality "1"]

1. d4 Nf6 2. c4 g6 3. Nc3 Bg7 4. e4 0-0 5. Be2 d6 6. Be3 e5 7. d5 Na6 8. h4 Nc5 9. Qc2 c6 10. h5 cxd5 11. cxd5 Qa5 12. h6 Bh8 13. f3 Bd7 14. Rb1 Na4 15. Qd2 Nxc3 16. bxc3 Qc7 17. g4 b6 18. Nh3 Ne8 19. Bd3 Bf6 20. 0-0 Be7 21. Kh2 Qc8 22. Rg1 Nc7 23. Qe2 Kh8 24. Rbf1 Ne8 25. c4 Nc7 26. f4 Na6 27. fxe5 dxe5 28. Qf3 f6 29. Rc1 Bc5 30. Nf2 Bxe3 31. Qxe3 Qc5 32. Qe2 Qd6 33. Bb1 f5 34. exf5 gxf5 35. g5 Rae8 36. Kh1 Nc5 37. Rcf1 Kg8 38. Qh5 Kh8 39. Nh3 Qg6 40. Qh4 Nb7 41. Bd3 Nd6 42. Nf2 Qg8 43. Be2 f4 44. Bh5 Nf5 45. Qh2 Rc8 46. Ne4 Rxc4 47. Nf6 Rxf6 48. gxf6 Qxd5+ 49. Bf3 Qf7 50. Rd1 e4 51. Bh5 Qxf6 52. Rxd7 Ng3+ 53. Rxg3 fxg3 54. Qb2 Rc1+ 55. Bd1 1-0

[Event "Karlsruhe Grenke op"]
[Site "Karlsruhe"]
[Date "2024.03.28"]
[Round "1"]
[White "Muradli, Mahammad"]
[Black "Kull, Florian"]
[Result "1-0"]
[WhiteElo "2555"]
[BlackElo "2117"]
[PlyCount "57"]
[EventDate "2024.03.28"]
[EventType "swiss"]
[EventRounds "9"]
[EventCountry "GER"]
[SourceTitle "CB14_2024"]
[SourceDate "2024.04.01"]
[SourceVersion "1"]
[SourceVersionDate "2024.04.01"]
[SourceQuality "1"]

1. Nf3 d5 2. d4 Nf6 3. c4 e6 4. Nc3 dxc4 5. Qa4+ Nc6 6. Bg5 Be7 7. e4 0-0 8. Rd1 h6 9. Bxf6 Bxf6 10. e5 Be7 11. Bxc4 Bd7 12. Qc2 Nb4 13. Qe4 Bc6 14. d5 Nxd5 15. Nxd5 Bxd5 16. Bxd5 exd5 17. Rxd5 Bb4+ 18. Ke2 Qe7 19. Rhd1 Bc5 20. Nh4 Bb6 21. Nf5 Qe6 22. Qg4 g6 23. Nxh6+ Kg7 24. Qg5 c6 25. Ng4 Rh8 26. Qf6+ Qxf6 27. exf6+ Kf8 28. Rd7 Rb8 29. Ne5 1-0

[Event "Titled Tuesday intern op 12th Mar Early"]
[Site "Chess.com INT"]
[Date "2024.03.12"]
[Round "7"]
[White "Khanin, Semen"]
[Black "Muradli, Mahammad"]
[Result "1-0"]
[WhiteElo "2564"]
[BlackElo "2555"]
[PlyCount "73"]
[EventDate "2024.03.12"]
[EventType "swiss (blitz)"]
[EventRounds "11"]
[EventCountry "USA"]
[SourceTitle "CB12_2024"]
[SourceDate "2023.10.01"]
[SourceVersion "1"]
[SourceVersionDate "2023.10.01"]
[SourceQuality "1"]

1. e4 c5 2. Nf3 d6 3. Bb5+ Bd7 4. Bxd7+ Nxd7 5. c3 Ngf6 6. Qe2 e6 7. 0-0 Be7 8. d4 0-0 9. Rd1 Rc8 10. Bg5 cxd4 11. cxd4 d5 12. e5 Ne4 13. Bxe7 Qxe7 14. Ne1 f5 15. exf6 Qxf6 16. f3 Nd6 17. Nc3 Nf5 18. Nc2 Nb6 19. Qf2 Nc4 20. Rab1 Rf7 21. Ne2 Rfc7 22. b3 Nb2 23. Rxb2 Rxc2 24. Rxc2 Rxc2 25. a4 h6 26. Qe1 Qg5 27. Ng3 Nh4 28. Qxe6+ Kh7 29. Kh1 Rxg2 30. Rf1 Qd2 31. Qh3 Ng6 32. Qxg2 Qxd4 33. f4 Nh4 34. Qc2+ Kg8 35. Qe2 Qc3 36. f5 d4 37. Qe4 1-0

[Event "Titled Tuesday intern op 12th Mar Late"]
[Site "Chess.com INT"]
[Date "2024.03.12"]
[Round "3"]
[White "Muradli, Mahammad"]
[Black "Bryakin, Mikhail"]
[Result "1-0"]
[WhiteElo "2555"]
[BlackElo "2461"]
[PlyCount "97"]
[EventDate "2024.03.12"]
[EventType "swiss (blitz)"]
[EventRounds "11"]
[EventCountry "USA"]
[SourceTitle "CB12_2024"]
[SourceDate "2023.10.01"]
[SourceVersion "1"]
[SourceVersionDate "2023.10.01"]
[SourceQuality "1"]

1. c4 Nf6 2. Nf3 c6 3. e3 d5 4. Nc3 Bg4 5. cxd5 Bxf3 6. gxf3 cxd5 7. Qb3 Qd7 8. d4 Nc6 9. Bd2 e6 10. Rc1 Be7 11. Na4 0-0 12. Bb5 Rfc8 13. 0-0 Qd6 14. a3 Bf8 15. Nc5 Rab8 16. f4 g6 17. Rc2 a6 18. Bd3 Nd7 19. Nxb7 Qc7 20. Bxa6 Nxd4 21. Rxc7 Nxb3 22. Rxc8 Rxc8 23. Bc3 Rb8 24. a4 Nb6 25. a5 Nc4 26. Bxc4 dxc4 27. a6 Ra8 28. Rd1 Rxa6 29. Rd8 Rb6 30. Rd7 h5 31. Nd8 Rd6 32. Rxf7 Rxd8 33. Rf6 Re8 34. Rxg6+ Kf7 35. Rg5 Nc1 36. Kf1 Nd3 37. Rxh5 Rb8 38. Rh7+ Kg6 39. Rc7 Nxb2 40. Rc6 Nd3 41. Rxc4 Kf7 42. Ke2 Nb2 43. Rc7+ Ke8 44. Be5 Na4 45. Rc6 Rb4 46. Rxe6+ Kf7 47. Rf6+ Ke8 48. Rxf8+ Kxf8 49. Bd6+ 1-0

[Event "Titled Tuesday intern op 12th Mar Late"]
[Site "Chess.com INT"]
[Date "2024.03.12"]
[Round "6"]
[White "Muradli, Mahammad"]
[Black "Czopor, Maciej"]
[Result "1-0"]
[WhiteElo "2555"]
[BlackElo "2359"]
[PlyCount "85"]
[EventDate "2024.03.12"]
[EventType "swiss (blitz)"]
[EventRounds "11"]
[EventCountry "USA"]
[SourceTitle "CB12_2024"]
[SourceDate "2023.10.01"]
[SourceVersion "1"]
[SourceVersionDate "2023.10.01"]
[SourceQuality "1"]

1. c4 g6 2. Nc3 Bg7 3. d4 d6 4. e4 Nd7 5. Be2 Ngf6 6. Nf3 0-0 7. 0-0 e5 8. Be3 h6 9. h3 Qe7 10. Qc2 c6 11. Rad1 exd4 12. Nxd4 Nc5 13. Bf3 Nfd7 14. b3 Re8 15. Rfe1 a5 16. g3 Nf8 17. Bg2 Nfe6 18. Nde2 Ng5 19. Kh2 Ngxe4 20. Nxe4 Nxe4 21. Nd4 Nf6 22. Bxh6 Qxe1 23. Rxe1 Rxe1 24. Bxg7 Kxg7 25. Qc3 Re5 26. g4 Bxg4 27. hxg4 Nxg4+ 28. Kg1 Nf6 29. Nf3 Re2 30. Nd2 d5 31. cxd5 cxd5 32. Bxd5 Rxd2 33. Qxd2 Rd8 34. Qxa5 Rxd5 35. Qc3 Rf5 36. a4 Kg8 37. Qc8+ Kg7 38. Qxb7 Ng4 39. Qb6 Ne5 40. a5 Rf6 41. Qb7 Nd3 42. b4 Nxf2 43. a6 1-0

[Event "Chessable Masters Play In"]
[Site "Chess.com INT"]
[Date "2024.01.31"]
[Round "1"]
[White "Budisavljevic, Luka"]
[Black "Muradli, Mahammad"]
[Result "1/2-1/2"]
[WhiteElo "2475"]
[BlackElo "2555"]
[PlyCount "73"]
[EventDate "2024.01.31"]
[EventType "swiss (rapid)"]
[EventRounds "9"]
[EventCountry "USA"]
[SourceTitle "CB06_2024"]
[SourceDate "2024.02.07"]
[SourceVersion "1"]
[SourceVersionDate "2024.02.07"]
[SourceQuality "1"]

1. d4 Nf6 2. c4 e6 3. Nc3 Bb4 4. Qc2 d5 5. cxd5 exd5 6. Bg5 0-0 7. e3 h6 8. Bh4 c5 9. dxc5 Be6 10. Nf3 Nbd7 11. a3 Bxc3+ 12. Qxc3 g5 13. Bg3 Ne4 14. Qc2 Ndxc5 15. Be2 Rc8 16. 0-0 d4 17. Nxd4 Nxg3 18. hxg3 Nb3 19. Qe4 Bd5 20. Qf5 Nxd4 21. exd4 Be6 22. Qe4 Bd5 23. Qf5 Be6 24. Qe4 Bd5 25. Qd3 Bc4 26. Qd2 Bxe2 27. Qxe2 Qxd4 28. Rad1 Qf6 29. Rd7 Rfe8 30. Qf3 Qxf3 31. gxf3 b5 32. Rxa7 Rc2 33. b4 Ree2 34. Rb7 Rc3 35. Kg2 Rxa3 36. Rxb5 Rb2 37. g4 1/2-1/2

[Event "Wch Blitz"]
[Site "Samarkand"]
[Date "2023.12.30"]
[Round "19"]
[White "Muradli, Mahammad"]
[Black "Duda, Jan Krzysztof"]
[Result "0-1"]
[WhiteElo "2550"]
[BlackElo "2732"]
[PlyCount "64"]
[EventDate "2023.12.29"]
[EventType "swiss (blitz)"]
[EventRounds "21"]
[EventCountry "UZB"]
[SourceTitle "CB01_2024"]
[SourceDate "2024.01.03"]
[SourceVersion "1"]
[SourceVersionDate "2024.01.03"]
[SourceQuality "1"]

1. d4 Nf6 2. c4 g6 3. Nc3 d5 4. cxd5 Nxd5 5. e4 Nxc3 6. bxc3 Bg7 7. Nf3 c5 8. Bb5+ Bd7 9. Bxd7+ Nxd7 10. 0-0 0-0 11. a4 Rc8 12. Rb1 b6 13. Qe2 e6 14. Rd1 Qc7 15. Ba3 Rfd8 16. a5 bxa5 17. Qa6 Rb8 18. h4 Nf6 19. Qe2 Qc6 20. Rxb8 Rxb8 21. d5 exd5 22. exd5 Nxd5 23. Qe4 Nb4 24. Qf4 Re8 25. cxb4 axb4 26. Bc1 c4 27. Ng5 Bf6 28. Rf1 b3 29. h5 c3 30. hxg6 fxg6 31. Ba3 b2 32. Nf3 c2 0-1

[Event "Wch Blitz"]
[Site "Samarkand"]
[Date "2023.12.29"]
[Round "8"]
[White "Gurel, Ediz"]
[Black "Muradli, Mahammad"]
[Result "0-1"]
[WhiteElo "2560"]
[BlackElo "2550"]
[PlyCount "90"]
[EventDate "2023.12.29"]
[EventType "swiss (blitz)"]
[EventRounds "21"]
[EventCountry "UZB"]
[SourceTitle "CB01_2024"]
[SourceDate "2024.01.03"]
[SourceVersion "1"]
[SourceVersionDate "2024.01.03"]
[SourceQuality "1"]

1. e4 c5 2. Nf3 d6 3. d4 cxd4 4. Nxd4 Nf6 5. Nc3 a6 6. Be3 e5 7. Nf3 Qc7 8. a4 Be6 9. a5 Qc6 10. Bd3 h6 11. 0-0 Be7 12. Qe2 Nbd7 13. Nd2 0-0 14. f3 d5 15. exd5 Nxd5 16. Nxd5 Bxd5 17. Kh1 Rfe8 18. Ne4 f5 19. Nc3 Be6 20. Rad1 Bb4 21. Qf2 Bxa5 22. Ne2 Rad8 23. f4 e4 24. Nd4 Qc8 25. Be2 Nf6 26. c4 Bf7 27. h3 Bb4 28. b3 Be7 29. Rg1 h5 30. g4 fxg4 31. hxg4 Nxg4 32. Bxg4 hxg4 33. f5 Bf6 34. Qf4 Bh5 35. Qh2 Bxd4 36. Bxd4 Qxf5 37. Rdf1 Qg6 38. Be3 Rf8 39. Bf4 Rd3 40. Bg3 Rff3 41. Rxf3 gxf3 42. Be5 f2 43. Qxf2 Rh3+ 44. Bh2 Bf3+ 45. Qxf3 Qxg1+ 0-1

[Event "Wch Blitz"]
[Site "Samarkand"]
[Date "2023.12.29"]
[Round "11"]
[White "Muradli, Mahammad"]
[Black "Grischuk, Alexander"]
[Result "1-0"]
[WhiteElo "2550"]
[BlackElo "2732"]
[PlyCount "135"]
[EventDate "2023.12.29"]
[EventType "swiss (blitz)"]
[EventRounds "21"]
[EventCountry "UZB"]
[SourceTitle "CB01_2024"]
[SourceDate "2024.01.03"]
[SourceVersion "1"]
[SourceVersionDate "2024.01.03"]
[SourceQuality "1"]

1. d4 d5 2. Nf3 Nf6 3. c4 c6 4. e3 Bg4 5. h3 Bh5 6. Nc3 e6 7. g4 Bg6 8. Ne5 Nbd7 9. Nxg6 hxg6 10. Bg2 dxc4 11. Qe2 e5 12. 0-0 Be7 13. Rd1 exd4 14. Rxd4 Qc7 15. Qxc4 Nb6 16. Qe2 0-0 17. b3 Rad8 18. Rxd8 Rxd8 19. Bb2 Nbd5 20. Nxd5 Nxd5 21. Rd1 Bf6 22. Bxd5 Rxd5 23. Rxd5 cxd5 24. Bxf6 gxf6 25. Qb5 Qe5 26. Qxb7 Qe4 27. Qxa7 Qb1+ 28. Kh2 Qc2 29. Kg3 Qb1 30. Qa8+ Kg7 31. Qxd5 Qxa2 32. Kg2 Qb1 33. Qb7 f5 34. Qd5 fxg4 35. hxg4 Qa2 36. Qd4+ Kg8 37. Qd8+ Kg7 38. b4 Qb1 39. Qd4+ Kg8 40. Qc5 Qe4+ 41. Kg3 Qb1 42. Qd4 Qg1+ 43. Kf3 Qh1+ 44. Ke2 Qb1 45. Qc4 Qb2+ 46. Kf3 Qf6+ 47. Kg2 Qd6 48. b5 Qf6 49. Qc6 Qg5 50. Kf3 f5 51. gxf5 gxf5 52. Ke2 Qg4+ 53. Ke1 Qg1+ 54. Ke2 Qg4+ 55. Kd2 Qb4+ 56. Kd3 Qb1+ 57. Ke2 Qb2+ 58. Kf3 Qb4 59. Qe6+ Kh8 60. Qf6+ Kg8 61. Qxf5 Qb3 62. Qg6+ Kh8 63. Qf6+ Kg8 64. b6 Qd5+ 65. Kg3 Qh1 66. Qg5+ Kf7 67. Qf5+ Kg7 68. Qg4+ 1-0